<?xml version="1.0" encoding="UTF-8"?>
<record
    xmlns:xsi="http://www.w3.org/2001/XMLSchema-instance"
    xsi:schemaLocation="http://www.loc.gov/MARC21/slim http://www.loc.gov/standards/marcxml/schema/MARC21slim.xsd"
    xmlns="http://www.loc.gov/MARC21/slim">

  <leader>01028nam a22002057a 4500</leader>
  <controlfield tag="005">20231012161745.0</controlfield>
  <datafield tag="010" ind1=" " ind2=" ">
    <subfield code="a">HIN-125093-94</subfield>
  </datafield>
  <datafield tag="020" ind1=" " ind2=" ">
    <subfield code="c">600.00</subfield>
    <subfield code="a">9789381869130   (&#x92D;&#x93E;-1)</subfield>
  </datafield>
  <datafield tag="020" ind1=" " ind2=" ">
    <subfield code="c">750.00                                 </subfield>
    <subfield code="a">9789381869147 (&#x92D;&#x93E;-2)</subfield>
  </datafield>
  <datafield tag="020" ind1=" " ind2=" ">
    <subfield code="c">1350.00</subfield>
    <subfield code="a">9789381869154  &#x938;&#x92E;&#x94D;&#x92A;&#x942;&#x930;&#x94D;&#x923; &#x938;&#x948;&#x91F;)</subfield>
  </datafield>
  <datafield tag="035" ind1=" " ind2=" ">
    <subfield code="a">HN-97439-40</subfield>
  </datafield>
  <datafield tag="037" ind1=" " ind2=" ">
    <subfield code="b">DBAD/PUB</subfield>
  </datafield>
  <datafield tag="082" ind1=" " ind2=" ">
    <subfield code="a">321.80</subfield>
  </datafield>
  <datafield tag="100" ind1=" " ind2=" ">
    <subfield code="a">&#x920;&#x93E;&#x915;&#x930;&#x93E;&#x928;,&#x938;&#x941;&#x930;&#x947;&#x936;</subfield>
    <subfield code="9">57803</subfield>
  </datafield>
  <datafield tag="245" ind1=" " ind2=" ">
    <subfield code="a">&#x932;&#x94B;&#x915;&#x924;&#x902;&#x924;&#x94D;&#x930; &#x915;&#x93E; &#x91A;&#x940;&#x930;&#x939;&#x930;&#x923; :&#x915;&#x932; &#x906;&#x91C; &#x914;&#x930; &#x915;&#x932; &#x906;&#x927;&#x94D;&#x92F;&#x93E;&#x924;&#x94D;&#x92E;-&#x930;&#x93E;&#x91C;&#x928;&#x940;&#x924;&#x93F; /</subfield>
    <subfield code="c">&#x938;&#x941;&#x930;&#x947;&#x936; &#x920;&#x93E;&#x915;&#x930;&#x93E;&#x928;</subfield>
  </datafield>
  <datafield tag="260" ind1=" " ind2=" ">
    <subfield code="a">&#x926;&#x93F;&#x932;&#x94D;&#x932;&#x940;</subfield>
    <subfield code="c"> 2016</subfield>
    <subfield code="b">&#x92A;&#x941;&#x937;&#x94D;&#x92A;&#x93E;&#x902;&#x91C;&#x932;&#x93F; &#x92A;&#x94D;&#x930;&#x915;&#x93E;&#x936;&#x928;</subfield>
  </datafield>
  <datafield tag="270" ind1=" " ind2=" ">
    <subfield code="b">&#x926;&#x93F;&#x932;&#x94D;&#x932;&#x940;</subfield>
    <subfield code="a">&#x90F;&#x932;-46,&#x917;&#x932;&#x940; &#x928;.-5,&#x936;&#x93F;&#x935;&#x93E;&#x91C;&#x940; &#x92E;&#x93E;&#x930;&#x94D;&#x917;, &#x915;&#x930;&#x924;&#x93E;&#x930; &#x928;&#x917;&#x930;,</subfield>
    <subfield code="e">110053</subfield>
  </datafield>
  <datafield tag="300" ind1=" " ind2=" ">
    <subfield code="a">2&#x92D;&#x93E;&#x917;-(288&#x92A;&#x943;.;368&#x92A;&#x943;.)</subfield>
    <subfield code="c">22&#x938;&#x947;&#x92E;&#x940; (&#x938;&#x91C;&#x93F;&#x932;&#x94D;&#x926;)</subfield>
  </datafield>
  <datafield tag="942" ind1=" " ind2=" ">
    <subfield code="2">ddc</subfield>
    <subfield code="c">HN</subfield>
    <subfield code="h">321.80</subfield>
    <subfield code="m">&#x920;&#x93E;&#x915;&#x930;&#x93E;</subfield>
  </datafield>
  <datafield tag="999" ind1=" " ind2=" ">
    <subfield code="c">195788</subfield>
    <subfield code="d">195788</subfield>
  </datafield>
  <datafield tag="952" ind1=" " ind2=" ">
    <subfield code="0">0</subfield>
    <subfield code="1">0</subfield>
    <subfield code="3">&#x92D;&#x93E;-1</subfield>
    <subfield code="4">0</subfield>
    <subfield code="7">0</subfield>
    <subfield code="8">NFIC</subfield>
    <subfield code="a">VP</subfield>
    <subfield code="b">VP</subfield>
    <subfield code="d">2023-04-24</subfield>
    <subfield code="e">DBAD/PUB</subfield>
    <subfield code="g">600.00</subfield>
    <subfield code="l">0</subfield>
    <subfield code="o">321.80 &#x920;&#x93E;&#x915;&#x930;&#x93E;</subfield>
    <subfield code="p">HN-97439</subfield>
    <subfield code="r">2023-04-24 00:00:00</subfield>
    <subfield code="t">1</subfield>
    <subfield code="v">600.00</subfield>
    <subfield code="y">HN</subfield>
  </datafield>
  <datafield tag="952" ind1=" " ind2=" ">
    <subfield code="0">0</subfield>
    <subfield code="1">0</subfield>
    <subfield code="3">&#x92D;&#x93E;-2</subfield>
    <subfield code="4">0</subfield>
    <subfield code="7">0</subfield>
    <subfield code="8">NFIC</subfield>
    <subfield code="a">BL4</subfield>
    <subfield code="b">BL4</subfield>
    <subfield code="d">2023-04-24</subfield>
    <subfield code="e">DBAD/PUB</subfield>
    <subfield code="g">750.00</subfield>
    <subfield code="l">0</subfield>
    <subfield code="o">321.80 &#x920;&#x93E;&#x915;&#x930;&#x93E;</subfield>
    <subfield code="p">HN-97440</subfield>
    <subfield code="r">2023-04-24 00:00:00</subfield>
    <subfield code="t">1</subfield>
    <subfield code="v">750.00</subfield>
    <subfield code="y">HN</subfield>
  </datafield>
</record>
